Nfl Quiz All Teams - Statistics

General Stats
  • This quiz has been taken 17 times
  • The average score is 31 of 32
Answer Stats
Hint Answer % Correct
Atlanta Atlanta Falcons
100%
Baltimore Baltimore Ravens
100%
Buffalo Buffalo Bills
100%
Carolina Carolina Panthers
100%
Chicago Chicago Bears
100%
Cincinnati Cincinnati Bengals
100%
Cleveland Cleveland Browns
100%
Dallas Dallas Cowboys
100%
Detroit Detroit Lions
100%
Green Bay Green Bay Packers
100%
Houston Houston Texans
100%
Indianapolis Indianapolis Colts
100%
Jacksonville Jacksonville Jaguars
100%
Miami Miami Dolphins
100%
Minnesota Minnesota Vikings
100%
New England New England Patriots
100%
New Orleans New Orleans Saints
100%
New York New York Giants
100%
New York New York Jets
100%
Philadelphia Philadelphia Eagles
100%
Pittsburgh Pittsburgh Steelers
100%
Tennessee Tennessee Titans
100%
Washington Washington Commanders
100%
Arizona Arizona Cardinals
92%
Denver Denver Broncos
92%
Kansas City Kansas City Chiefs
92%
Las Vegas Las Vegas Raiders
92%
Los Angeles Los Angeles Rams
92%
San Francisco San Francisco 49ers
92%
Seattle Seattle Seahawks
92%
Tampa Bay Tampa Bay Buccaneers
92%
Los Angeles Los Angeles chargers
75%
No matching quizzes found
Score Distribution
Percent of People with Each Score
Percentile by Number Answered
Your Score History
You have not taken this quiz